000
00210nam a22001097a 4500
999
_c
12842
_d
12842
020
_a
9789353061319
082
_a
371.26
100
_a
Dr.Nilam
245
_a
GATE
260
_a
India
_b
Pearson
_c
2018
942
_c
BK